Stellar astrophysics (Record no. 15997)
[ view plain ]
| 000 -LEADER | |
|---|---|
| fixed length control field | 00680nam a2200205Ia 4500 |
| 003 - CONTROL NUMBER IDENTIFIER | |
| control field | IN-BaIIA |
| 008 - FIXED-LENGTH DATA ELEMENTS--GENERAL INFORMATION | |
| fixed length control field | 211028s9999 xx 000 0 eng d |
| 020 ## - INTERNATIONAL STANDARD BOOK NUMBER | |
| International Standard Book Number | 1-4020-1683-2 |
| 040 ## - CATALOGING SOURCE | |
| Transcribing agency | IIA Library |
| 080 ## - UNIVERSAL DECIMAL CLASSIFICATION NUMBER | |
| Universal Decimal Classification number | 52(082.1) |
| Item number | ASS-298 |
| 245 #0 - TITLE STATEMENT | |
| Title | Stellar astrophysics |
| Remainder of title | a tribute to Helmut A. Abt |
| Statement of responsibility, etc. | edited by K. S. Cheng, K. C. Leung and T. P. Li |
| 260 ## - PUBLICATION, DISTRIBUTION, ETC. | |
| Place of publication, distribution, etc. | Dordrecht |
| Name of publisher, distributor, etc. | Kluwer Academic |
| Date of publication, distribution, etc. | 2003 |
| 300 ## - PHYSICAL DESCRIPTION | |
| Extent | xxv, 322p. |
| 490 ## - SERIES STATEMENT | |
| Series statement | Astrophysics and space science library; v. 298 |
| 650 ## - SUBJECT ADDED ENTRY--TOPICAL TERM | |
| Topical term or geographic name entry element | Astrophysics |
| 9 (RLIN) | 794 |
| 650 ## - SUBJECT ADDED ENTRY--TOPICAL TERM | |
| Topical term or geographic name entry element | Stars |
| 700 ## - ADDED ENTRY--PERSONAL NAME | |
| Personal name | Leung, K. C., ed. |
| 9 (RLIN) | 25857 |
| 700 ## - ADDED ENTRY--PERSONAL NAME | |
| Personal name | Li, T. P., ed. |
| 9 (RLIN) | 29580 |
| 942 ## - ADDED ENTRY ELEMENTS (KOHA) | |
| Koha item type | Books |
| Withdrawn status | Lost status | Damaged status | Not for loan | Home library | Current library | Shelving location | Date acquired | Source of acquisition | Cost, normal purchase price | Total Checkouts | Full call number | Barcode | Date last seen | Cost, replacement price | Price effective from | Koha item type | Purchase Price |
|---|---|---|---|---|---|---|---|---|---|---|---|---|---|---|---|---|---|
| IIA Library-Bangalore | IIA Library-Bangalore | General Stacks | 19/11/2005 | PBPL | 7236.53 | 52(082.1)/ ASS-298 | 16919 | 05/11/2021 | 7236.53 | 19/11/2005 | Books | Rs. 7236.53 |